| 000 | 00852pab a2200181 454500 | ||
|---|---|---|---|
| 008 | 180718b2002 xxu||||| |||| 00| 0 eng d | ||
| 100 | _aGeorge, Alex | ||
| 245 | _aQuality of reproductive care in private hospitals in Andhra Pradesh: Women's perception | ||
| 260 | _c2002 | ||
| 300 | _ap.1686-692. | ||
| 362 | _a27 April | ||
| 520 | _aAn exit survey conducted in private hospitals in Andhra Pradesh on the quality of reproductive care yielded valuable insights on women's perceptions of quality of care. The information so generated is a useful input in any attempt to institute standardisation of practices in medicare institutions. - Reproduced. | ||
| 650 | _aHospitals - India - Andhra Pradesh | ||
| 650 | _aHealth services - India - Andhra Pradesh | ||
| 650 | _aHealth services | ||
| 773 | _aEconomic and Political Weekly | ||
| 909 | _a52219 | ||
| 999 |
_c52219 _d52219 |
||